=LDR 00000nam 2200000 4500 =001 INLIS000000000001974 =005 20130612090341 =008 ***********************************Ind** =035 ##$$0010-061300000001974 =041 ##$$a Ind =082 ##$$a 720.095 981 2 =090 ##$$a 720.095 981 2, Han a =100 ##$$a Hanafi =245 ##$$a Arsitektur tradisional daerah Bengkulu, Drs. Hanafi, Drs. Badrul Munir Hamidy =260 ##$$a 1985 $b Jakarta =300 ##$$a iv, 129 hlm, ilus, 21 cm =650 ##$$a Arsitektur-Daerah Bengkulu =700 ##$$a Hamidy, Badrul Munir =850 ##$$a NBPNMAT